[Event "Benidorm 2015 - sub2000"]
[Site "Benidorm ESP"]
[Date "2015.11.28"]
[Round "1.1"]
[White "Vallbona Domingo, Joan"]
[Black "Vicente Soriano, Josep"]
[Result "1-0"]
[WhiteElo "1998"]
[BlackElo "1742"]
[PlyCount "99"]
[EventDate "2015.11.28"]
[EventType "swiss"]
[EventRounds "10"]
[EventCountry "ESP"]
[Source "lmi"]
[SourceDate "2015.11.28"]

1. c4 Nf6 2. Nc3 g6 3. g3 Bg7 4. Bg2 d6 5. d3 e5 6. Nf3 O-O 7. O-O Nc6 8. Rb1
Bd7 9. b4 Qc8 10. Re1 Bh3 11. Bh1 h6 12. b5 Ne7 13. Qb3 a5 14. bxa6 bxa6 15.
Qa4 Bd7 16. Qa3 Bc6 17. Nxe5 Bxh1 18. Kxh1 c5 19. Nf3 Qh3 20. Ng1 Qh5 21. f3
Nf5 22. Kg2 Nd4 23. Rf1 Rfe8 24. e4 Nc2 25. Qb3 Nb4 26. Qd1 Nd7 27. Nge2 g5 28.
a3 Nc6 29. Be3 f5 30. Nd5 Rac8 31. h3 f4 32. g4 Qg6 33. Bd2 Nde5 34. Bc3 h5 35.
Qd2 Ne7 36. Rb6 Nxd5 37. cxd5 hxg4 38. hxg4 Kf7 39. Bxe5 Bxe5 40. Rh1 Rh8 41.
Rb7+ Kf6 42. Rbb1 Rxh1 43. Rxh1 Rb8 44. Rc1 Qh7 45. Rh1 Qg7 46. d4 cxd4 47.
Nxd4 Kg6 48. Nf5 Rb2 49. Qxb2 Bxb2 50. Nxg7 1-0

[Event "Benidorm 2015 - sub2000"]
[Site "Benidorm ESP"]
[Date "2015.11.28"]
[Round "1.2"]
[White "Ribon Calabia, Mariano"]
[Black "Blesa Fernandez, Francisco"]
[Result "0-1"]
[WhiteElo "1739"]
[BlackElo "1997"]
[PlyCount "94"]
[EventDate "2015.11.28"]
[EventType "swiss"]
[EventRounds "10"]
[EventCountry "ESP"]
[Source "lmi"]
[SourceDate "2015.11.28"]

1. d4 Nf6 2. c4 g6 3. Nc3 Bg7 4. e4 d6 5. Be2 O-O 6. Nf3 e5 7. O-O Nc6 8. d5
Ne7 9. Ne1 Nd7 10. Be3 f5 11. f3 f4 12. Bf2 g5 13. Nb5 b6 14. b4 a6 15. Nc3 Nf6
16. c5 h5 17. cxb6 cxb6 18. Na4 Rb8 19. Rc1 g4 20. Kh1 Rf7 21. Nd3 Bf8 22. Qe1
Bd7 23. Nc3 Rg7 24. g3 Ng6 25. gxf4 exf4 26. Qd2 Rf7 27. Bd4 Bh6 28. e5 dxe5
29. Nxe5 Rg7 30. Nxd7 Rxd7 31. Qd3 Nh4 32. Rcd1 g3 33. Kg1 Rg7 34. Ne4 gxh2+
35. Kh1 Nxe4 36. Qxe4 Re7 37. Qd3 Bg7 38. Bxg7 Rxg7 39. Qe4 Qg5 40. Qe6+ Kh8
41. Qh3 Rbg8 42. Qxh2 Nf5 43. Bc4 Ng3+ 44. Kg2 Nxf1+ 45. Kxf1 Qg1+ 46. Qxg1
Rxg1+ 47. Ke2 R8g2+ 0-1

[Event "Benidorm 2015 - sub2000"]
[Site "Benidorm ESP"]
[Date "2015.11.28"]
[Round "1.4"]
[White "Alzate Echavarri, Cesar August"]
[Black "Cebrian Flores, Juan Antonio"]
[Result "1/2-1/2"]
[WhiteElo "1738"]
[BlackElo "1995"]
[PlyCount "112"]
[EventDate "2015.11.28"]
[EventType "swiss"]
[EventRounds "10"]
[EventCountry "ESP"]
[Source "lmi"]
[SourceDate "2015.11.28"]

1. e4 c5 2. Bc4 e6 3. Nc3 a6 4. a4 Nc6 5. f4 Nge7 6. Nf3 d5 7. Ba2 g6 8. O-O
Bg7 9. e5 O-O 10. Qe1 Nb4 11. Bb1 Nec6 12. Ne2 Na5 13. Qg3 Bd7 14. h4 h5 15. c3
Nb3 16. Ra3 Nxc1 17. Rxc1 Nc6 18. Ng5 Ne7 19. Qf3 Qb6 20. Ng3 Qxb2 21. Rf1 f6
22. Ra2 Qb6 23. exf6 Bxf6 24. Qe3 Nf5 25. Nxf5 exf5 26. Qg3 Kg7 27. Bc2 Rae8
28. Rb1 Qc7 29. Rab2 b5 30. axb5 axb5 31. Bd1 Kh6 32. Bf3 d4 33. Rc2 Qd6 34. c4
d3 35. Ra2 Qd4+ 36. Kh2 Qxc4 37. Ra7 Re7 38. Rc7 Qd4 39. Bc6 Qd6 40. Rxd7 Rxd7
41. Bxd7 Qxd7 42. Nf3 Re8 43. Ne5 Bxe5 44. fxe5 Qe6 45. Qg5+ Kg7 46. Rxb5 Qxe5+
47. Kh3 Re7 48. Rb6 Re6 49. Rb7+ Kg8 50. Qh6 Re7 51. Qxg6+ Rg7 52. Rxg7+ Qxg7
53. Qe8+ Qf8 54. Qg6+ Qg7 55. Qe8+ Qf8 56. Qg6+ Qg7 1/2-1/2

[Event "Benidorm 2015 - sub2000"]
[Site "Benidorm ESP"]
[Date "2015.11.28"]
[Round "1.5"]
[White "Avendano Mateos, Jose"]
[Black "Rychlik, Bogdan"]
[Result "1-0"]
[WhiteElo "1992"]
[BlackElo "1738"]
[PlyCount "75"]
[EventDate "2015.11.28"]
[EventType "swiss"]
[EventRounds "10"]
[EventCountry "ESP"]
[Source "lmi"]
[SourceDate "2015.11.28"]

1. d4 d5 2. Nf3 Nf6 3. Bg5 e6 4. e3 Be7 5. Nbd2 Nbd7 6. Bd3 h6 7. Bh4 c5 8. c3
b6 9. O-O Bb7 10. Ne5 O-O 11. f4 Ne4 12. Bxe7 Qxe7 13. Nxe4 dxe4 14. Be2 Nf6
15. a4 Rad8 16. a5 Ba8 17. axb6 axb6 18. Ng4 Nd5 19. Bc4 Nf6 20. Nxf6+ Qxf6 21.
Qb3 Rd6 22. Ra6 cxd4 23. cxd4 Rb8 24. Qb4 Qd8 25. f5 exf5 26. Rxf5 Rf6 27. Rxf6
Qxf6 28. Qb3 Kh8 29. Ra7 Qg5 30. Rxf7 b5 31. Be6 b4 32. Rf4 Qa5 33. h4 Bc6 34.
Qc2 Ba8 35. Qf2 Qd8 36. Rf7 Qd6 37. Qf4 Qb6 38. Rf5 1-0

[Event "Benidorm 2015 - sub2000"]
[Site "Benidorm ESP"]
[Date "2015.11.28"]
[Round "1.6"]
[White "Todic, Simo"]
[Black "La Orden Gil, Javier"]
[Result "0-1"]
[WhiteElo "1735"]
[BlackElo "1991"]
[PlyCount "66"]
[EventDate "2015.11.28"]
[EventType "swiss"]
[EventRounds "10"]
[EventCountry "ESP"]
[Source "lmi"]
[SourceDate "2015.11.28"]

1. b3 e5 2. Bb2 Nc6 3. g3 Nf6 4. Bg2 d5 5. Nf3 e4 6. Ne5 Nxe5 7. Bxe5 Bc5 8. e3
O-O 9. Nc3 Be6 10. Ne2 Ng4 11. Bb2 Qg5 12. f3 exf3 13. Bxf3 c6 14. Nf4 Bd7 15.
O-O h5 16. h4 Qh6 17. Qe1 Rfe8 18. Bxg4 Bxg4 19. Qf2 Re7 20. Rae1 Rf8 21. Kg2
Bd6 22. c4 dxc4 23. bxc4 Be5 24. d4 Bxf4 25. Qxf4 Qe6 26. Qg5 f6 27. Qc5 Bh3+
28. Kg1 Bxf1 29. Kxf1 Qh3+ 30. Kf2 Rfe8 31. Qxh5 Qh2+ 32. Kf3 Qxb2 33. Qc5 Qd2
0-1

[Event "Benidorm 2015 - sub2000"]
[Site "Benidorm ESP"]
[Date "2015.11.28"]
[Round "1.7"]
[White "Ayats Llobera, Gerard"]
[Black "Vicente Montes, Luis Miguel"]
[Result "1-0"]
[WhiteElo "1988"]
[BlackElo "1734"]
[PlyCount "69"]
[EventDate "2015.11.28"]
[EventType "swiss"]
[EventRounds "10"]
[EventCountry "ESP"]
[Source "lmi"]
[SourceDate "2015.11.28"]

1. e4 e6 2. d4 d5 3. Nd2 dxe4 4. Nxe4 Nd7 5. Nf3 Ngf6 6. Ng3 Bd6 7. Bd3 b6 8.
Be3 Bb7 9. Qe2 Nd5 10. O-O-O Nxe3 11. fxe3 Bxg3 12. hxg3 h6 13. g4 Qe7 14. e4
O-O-O 15. e5 Kb8 16. Be4 f6 17. Bxb7 Kxb7 18. exf6 gxf6 19. Rhe1 Rhg8 20. d5 e5
21. d6 cxd6 22. Qe4+ Kc7 23. Nd4 Nc5 24. Qc6+ Kb8 25. Qf3 Qb7 26. Nc6+ Kc7 27.
Nxd8 Qxf3 28. gxf3 Rxd8 29. Rh1 Rh8 30. Rh5 Ne6 31. Rdh1 Nd4 32. Rxh6 Rf8 33.
Rf1 Ne2+ 34. Kd2 Nd4 35. c3 1-0

[Event "Benidorm 2015 - sub2000"]
[Site "Benidorm ESP"]
[Date "2015.11.28"]
[Round "1.8"]
[White "Moore, Robin"]
[Black "Ocaña Lameiro, Oliver"]
[Result "1-0"]
[WhiteElo "1734"]
[BlackElo "1984"]
[PlyCount "61"]
[EventDate "2015.11.28"]
[EventType "swiss"]
[EventRounds "10"]
[EventCountry "ESP"]
[Source "lmi"]
[SourceDate "2015.11.28"]

1. e4 c6 2. d4 d5 3. e5 c5 4. Nf3 cxd4 5. Nxd4 Nc6 6. Nxc6 bxc6 7. Bd3 e6 8.
O-O g6 9. Nd2 Bg7 10. f4 Ne7 11. Nf3 O-O 12. Be3 a5 13. Bc5 Ba6 14. Nd4 Bb7 15.
a4 Re8 16. Qg4 Nc8 17. Rae1 Nb6 18. f5 exf5 19. Bxf5 Rxe5 20. Rxe5 Bxe5 21. Be6
Bf6 22. Bxf7+ Kxf7 23. Qe6+ Kg7 24. Bxb6 Qe7 25. Qg4 Bc8 26. Qg3 Bd7 27. Nb3
Rf8 28. Bc5 Qxc5+ 29. Nxc5 Bd4+ 30. Rf2 Bxc5 31. Qc3+ 1-0

[Event "Benidorm 2015 - sub2000"]
[Site "Benidorm ESP"]
[Date "2015.11.28"]
[Round "1.9"]
[White "Landa Monux, Josu"]
[Black "Navarro Sancho, Rafael"]
[Result "1-0"]
[WhiteElo "1976"]
[BlackElo "1732"]
[PlyCount "81"]
[EventDate "2015.11.28"]
[EventType "swiss"]
[EventRounds "10"]
[EventCountry "ESP"]
[Source "lmi"]
[SourceDate "2015.11.28"]

1. d4 Nf6 2. Nf3 g6 3. c4 c5 4. Nc3 cxd4 5. Nxd4 Nc6 6. Nb3 Bg7 7. g3 d6 8. Bg2
O-O 9. O-O Be6 10. Nd5 Qd7 11. Bg5 Rac8 12. Rc1 Bh3 13. Nxf6+ exf6 14. Be3 Bxg2
15. Kxg2 f5 16. Qd2 Rfd8 17. Rfd1 Qe6 18. Kg1 h5 19. h4 f4 20. Bxf4 Qh3 21. Rc2
Be5 22. Bxe5 Nxe5 23. Qd5 Rc7 24. Nd4 Qc8 25. b3 Rc5 26. Qe4 Ng4 27. Nf3 Nf6
28. Qd3 Qh3 29. Ng5 Qc8 30. b4 Rf5 31. e4 Re5 32. f4 Re7 33. e5 Ne8 34. Ne4 Qg4
35. Qe2 Qf5 36. Rcd2 Rc8 37. Nxd6 Nxd6 38. Rxd6 Re6 39. c5 f6 40. Qc4 Rce8 41.
Rxe6 1-0

[Event "Benidorm 2015 - sub2000"]
[Site "Benidorm ESP"]
[Date "2015.11.28"]
[Round "1.10"]
[White "Pascual Fuertes, Jose Enrique"]
[Black "Maurer, Rainer"]
[Result "1/2-1/2"]
[WhiteElo "1732"]
[BlackElo "1975"]
[PlyCount "148"]
[EventDate "2015.11.28"]
[EventType "swiss"]
[EventRounds "10"]
[EventCountry "ESP"]
[Source "lmi"]
[SourceDate "2015.11.28"]

1. Nf3 d5 2. d4 Nf6 3. g3 c6 4. Bg2 h6 5. O-O Bf5 6. Nbd2 e6 7. Re1 Be7 8. c3
Nbd7 9. Nf1 O-O 10. Bf4 Re8 11. Qc1 Rc8 12. h3 c5 13. dxc5 Bxc5 14. N1h2 Qb6
15. Be3 Bxe3 16. fxe3 Ne4 17. g4 Bh7 18. Nd4 Rf8 19. Bf3 a6 20. Kg2 Qd6 21.
Bxe4 Bxe4+ 22. Nhf3 Ne5 23. Rf1 Rc7 24. Qe1 Nc4 25. Qc1 f5 26. gxf5 exf5 27.
Kf2 Re7 28. b3 Ne5 29. Qd2 Rfe8 30. Rae1 Nxf3 31. Nxf3 Bxf3 32. Kxf3 Qe5 33.
Kg2 Re6 34. Rf3 Rg6+ 35. Kh1 Rc6 36. c4 dxc4 37. bxc4 Rd6 38. Qb4 Re7 39. Rg1
Red7 40. c5 Rd1 41. Qb3+ Qd5 42. Rxd1 Qxb3 43. axb3 Rxd1+ 44. Kg2 Rb1 45. e4
fxe4 46. Re3 Kf7 47. Kg3 g5 48. Kg4 Kg6 49. Rxe4 h5+ 50. Kf3 Rxb3+ 51. e3 Rc3
52. Re6+ Kf5 53. Rb6 g4+ 54. hxg4+ hxg4+ 55. Ke2 Rxc5 56. Rxb7 Rc2+ 57. Kd3 Ra2
58. Rg7 a5 59. Rf7+ Ke5 60. Rg7 Ra3+ 61. Ke2 Kf5 62. Rg8 a4 63. Rf8+ Kg5 64. e4
Rf3 65. Ra8 a3 66. e5 Kf4 67. Ra4+ Kf5 68. e6 Kxe6 69. Rxg4 Rh3 70. Ra4 Kd5 71.
Kd2 Kc5 72. Kc2 Kb5 73. Ra8 Kc4 74. Ra4+ Kb5 1/2-1/2

[Event "Benidorm 2015 - sub2000"]
[Site "Benidorm ESP"]
[Date "2015.11.28"]
[Round "1.11"]
[White "Rionda Medio, Angel Arturo"]
[Black "Romagosa Cerda, Ismael"]
[Result "1-0"]
[WhiteElo "1972"]
[BlackElo "1731"]
[PlyCount "55"]
[EventDate "2015.11.28"]
[EventType "swiss"]
[EventRounds "10"]
[EventCountry "ESP"]
[Source "lmi"]
[SourceDate "2015.11.28"]

1. d4 Nf6 2. c4 g6 3. Nc3 Bg7 4. Nf3 d6 5. h3 O-O 6. Bg5 a5 7. e4 Nc6 8. Be2
Re8 9. O-O b6 10. d5 Nb4 11. Nd4 e5 12. dxe6 fxe6 13. f4 e5 14. Ndb5 h6 15.
fxe5 Rxe5 16. Bxf6 Bxf6 17. Nxc7 Qxc7 18. Rxf6 Re6 19. Rxe6 Bxe6 20. a3 Qc5+
21. Kh1 Nc6 22. Qd2 Kh7 23. Rd1 Rd8 24. Nb5 Bxc4 25. Bxc4 Qxc4 26. Nxd6 Qc5 27.
Qf4 Ne5 28. Rd5 1-0

[Event "Benidorm 2015 - sub2000"]
[Site "Benidorm ESP"]
[Date "2015.11.28"]
[Round "1.12"]
[White "Planelles Ortega, Emilio"]
[Black "Pes Mateo, Angel"]
[Result "0-1"]
[WhiteElo "1729"]
[BlackElo "1971"]
[PlyCount "42"]
[EventDate "2015.11.28"]
[EventType "swiss"]
[EventRounds "10"]
[EventCountry "ESP"]
[Source "lmi"]
[SourceDate "2015.11.28"]

1. d4 Nf6 2. Bf4 d6 3. e3 c5 4. c3 Qb6 5. b3 g6 6. Be2 Bg7 7. h3 Nbd7 8. Nf3
O-O 9. Nbd2 Nd5 10. Nc4 Qc7 11. Qc2 b5 12. Ncd2 cxd4 13. Bxb5 dxe3 14. fxe3 Qc5
15. Qd3 Nxc3 16. Rc1 Qxb5 17. Rxc3 Qa5 18. Rc2 Ba6 19. Qe4 e5 20. Bh2 Nc5 21.
Qd5 Nd3+ 0-1

[Event "Benidorm 2015 - sub2000"]
[Site "Benidorm ESP"]
[Date "2015.11.28"]
[Round "1.15"]
[White "Redondo Varela, Celestino"]
[Black "Rodriguez Marcos, Jose R"]
[Result "1-0"]
[WhiteElo "1728"]
[BlackElo "1966"]
[PlyCount "59"]
[EventDate "2015.11.28"]
[EventType "swiss"]
[EventRounds "10"]
[EventCountry "ESP"]
[Source "lmi"]
[SourceDate "2015.11.28"]

1. e4 c5 2. Nf3 d6 3. d4 cxd4 4. Nxd4 Nf6 5. Nc3 a6 6. Be2 e5 7. Nb3 Be6 8. O-O
Nbd7 9. Be3 Qc7 10. Kh1 b5 11. a3 Rc8 12. f4 Be7 13. Rc1 exf4 14. Bxf4 Ne5 15.
Nd4 Bc4 16. Bd3 O-O 17. Nf5 Rfd8 18. Bg5 d5 19. exd5 Bxd3 20. cxd3 Ng6 21. Ne4
Qb7 22. Rxc8 Qxc8 23. d6 Nxe4 24. Nxe7+ Nxe7 25. dxe4 Ng6 26. Bxd8 Qxd8 27. Qd5
Qd7 28. e5 h6 29. g3 Qg4 30. d7 1-0

[Event "Benidorm 2015 - sub2000"]
[Site "Benidorm ESP"]
[Date "2015.11.29"]
[Round "2.1"]
[White "Ruiz De Alegria Madariaga, Carlos"]
[Black "Vallbona Domingo, Joan"]
[Result "0-1"]
[WhiteElo "1818"]
[BlackElo "1998"]
[PlyCount "66"]
[EventDate "2015.11.28"]
[EventType "swiss"]
[EventRounds "10"]
[EventCountry "ESP"]
[Source "lmi"]
[SourceDate "2015.11.28"]

1. d4 Nf6 2. c4 e6 3. Nc3 Bb4 4. Bd2 b6 5. Nf3 Bb7 6. g3 O-O 7. Bg2 c5 8. e3
Qc8 9. O-O cxd4 10. Nb5 Be7 11. Nbxd4 Na6 12. Qe2 Ne4 13. Rac1 Nxd2 14. Qxd2
Nc5 15. Rfd1 Ne4 16. Qc2 Nf6 17. Ne5 Bxg2 18. Kxg2 Qb7+ 19. Kg1 a6 20. Qd3 Rac8
21. Qe2 Rc7 22. Qf3 Qxf3 23. Ndxf3 d6 24. Nd3 Rfc8 25. Nd2 Kf8 26. f3 d5 27. b3
Ke8 28. Kf2 Ba3 29. Rc2 b5 30. Ne5 Bd6 31. f4 Bxe5 32. fxe5 Ng4+ 33. Ke2 Nxe5
0-1

[Event "Benidorm 2015 - sub2000"]
[Site "Benidorm ESP"]
[Date "2015.11.29"]
[Round "2.2"]
[White "Blesa Fernandez, Francisco"]
[Black "Cabrera Guerrero, Antonio"]
[Result "1-0"]
[WhiteElo "1997"]
[BlackElo "1818"]
[PlyCount "85"]
[EventDate "2015.11.28"]
[EventType "swiss"]
[EventRounds "10"]
[EventCountry "ESP"]
[Source "lmi"]
[SourceDate "2015.11.28"]

1. d4 d5 2. c4 c6 3. Nf3 Nf6 4. Nc3 a6 5. c5 g6 6. Bf4 Bg7 7. h3 O-O 8. e3 Nbd7
9. Be2 Re8 10. O-O Nh5 11. Bh2 b6 12. cxb6 Qxb6 13. Na4 Qd8 14. Rc1 Bb7 15. Nd2
Nhf6 16. Nb3 Ne4 17. f3 Nd6 18. Nbc5 Bc8 19. Nxd7 Bxd7 20. Nc5 a5 21. Qa4 Nf5
22. Qa3 e5 23. dxe5 Bxe5 24. e4 Ng3 25. Bxg3 Bxg3 26. f4 Bh4 27. Nxd7 Qxd7 28.
e5 Bd8 29. Bf3 Rc8 30. Kh1 Bb6 31. Bg4 Qb7 32. Bxc8 Rxc8 33. f5 Bd4 34. fxg6
hxg6 35. Qd6 Bxb2 36. e6 fxe6 37. Qxe6+ Kg7 38. Rb1 Rb8 39. Rf2 Qc7 40. Rbxb2
Rd8 41. Qf6+ Kh6 42. Rf4 Kh7 43. Rh4+ 1-0

[Event "Benidorm 2015 - sub2000"]
[Site "Benidorm ESP"]
[Date "2015.11.29"]
[Round "2.4"]
[White "La Orden Gil, Javier"]
[Black "Sancho Castiello, Federico"]
[Result "1-0"]
[WhiteElo "1991"]
[BlackElo "1816"]
[PlyCount "121"]
[EventDate "2015.11.28"]
[EventType "swiss"]
[EventRounds "10"]
[EventCountry "ESP"]
[Source "lmi"]
[SourceDate "2015.11.28"]

1. e4 c5 2. Nc3 e6 3. Nf3 Nc6 4. d4 cxd4 5. Nxd4 a6 6. Be3 Qc7 7. Qd2 Nf6 8. f3
Be7 9. O-O-O O-O 10. g4 b5 11. g5 b4 12. Na4 Nh5 13. Kb1 Bb7 14. Rg1 Nxd4 15.
Bxd4 d5 16. Nb6 Rad8 17. e5 Bc6 18. Bd3 Rb8 19. Qe3 Bb5 20. Rg4 g6 21. b3 Ng7
22. Na4 Bxd3 23. Qxd3 Rfc8 24. f4 Nf5 25. Rd2 Qc6 26. h4 Rb7 27. h5 Qb5 28.
hxg6 Qxd3 29. gxf7+ Kxf7 30. Rxd3 Rbc7 31. Rg2 Kg6 32. Rh2 Bf8 33. Nb2 h5 34.
Nd1 Rf7 35. Bf2 Ng7 36. Be3 Nf5 37. Bf2 Ng7 38. Be3 Nf5 39. Bd2 a5 40. Ne3 Ng7
41. Ng2 Nf5 42. Rdh3 Rfc7 43. Ne1 Ng7 44. Bc1 Bc5 45. Nf3 Bb6 46. Nh4+ Kf7 47.
g6+ Ke7 48. a3 Rc3 49. axb4 Rxh3 50. Rxh3 axb4 51. Bd2 Bc5 52. Kb2 d4 53. Rh1
d3 54. c3 bxc3+ 55. Bxc3 Be3 56. Ng2 Bb6 57. b4 Rd8 58. Kb3 Bf2 59. Kc4 h4 60.
Bd2 Nf5 61. Ne1 1-0

[Event "Benidorm 2015 - sub2000"]
[Site "Benidorm ESP"]
[Date "2015.11.29"]
[Round "2.5"]
[White "Zotes Flecha, Luis"]
[Black "Ayats Llobera, Gerard"]
[Result "0-1"]
[WhiteElo "1812"]
[BlackElo "1988"]
[PlyCount "88"]
[EventDate "2015.11.28"]
[EventType "swiss"]
[EventRounds "10"]
[EventCountry "ESP"]
[Source "lmi"]
[SourceDate "2015.11.28"]

1. c4 e6 2. Nf3 d5 3. cxd5 exd5 4. d3 Bd6 5. g3 Ne7 6. Bg2 O-O 7. O-O c6 8. b3
Bf5 9. Bb2 Qd7 10. e4 Bh3 11. Nh4 Bxg2 12. Kxg2 f5 13. e5 Bc7 14. f4 d4 15. Na3
c5 16. Nc2 Nbc6 17. Kg1 Nd5 18. Ng2 b5 19. Qe2 Qe6 20. Rac1 Bb6 21. Kh1 b4 22.
Qf3 a5 23. a4 Rac8 24. h3 Rfd8 25. g4 Nce7 26. Rfe1 Rf8 27. g5 Rfd8 28. h4 Nc3
29. Na1 Rc7 30. h5 Rcd7 31. Rc2 c4 32. bxc4 Nxa4 33. Rb1 Nc3 34. Bxc3 dxc3 35.
Ne1 Nc6 36. Qg2 Nd4 37. Ra2 Qe7 38. Nb3 Nxb3 39. Rxb3 Rd4 40. Qc6 Qc7 41. Qe6+
Kh8 42. Qxf5 Qc5 43. h6 Rxf4 44. hxg7+ Kxg7 0-1

[Event "Benidorm 2015 - sub2000"]
[Site "Benidorm ESP"]
[Date "2015.11.29"]
[Round "2.6"]
[White "Fuset Torralba, Jose Luis"]
[Black "Landa Monux, Josu"]
[Result "0-1"]
[WhiteElo "1811"]
[BlackElo "1976"]
[PlyCount "40"]
[EventDate "2015.11.28"]
[EventType "swiss"]
[EventRounds "10"]
[EventCountry "ESP"]
[Source "lmi"]
[SourceDate "2015.11.28"]

1. c4 g6 2. Nc3 Bg7 3. g3 f5 4. Bg2 e5 5. e4 Ne7 6. Nge2 O-O 7. d3 d6 8. Be3 c5
9. Qd2 Nbc6 10. Nd5 fxe4 11. dxe4 Nxd5 12. exd5 Nd4 13. f4 Nxe2 14. Kxe2 exf4
15. gxf4 Re8 16. Kf3 Qh4 17. h3 Bf5 18. Rag1 Be4+ 19. Ke2 Bxg2 20. Rxg2 Bd4 0-1

[Event "Benidorm 2015 - sub2000"]
[Site "Benidorm ESP"]
[Date "2015.11.29"]
[Round "2.7"]
[White "Rachedi, Abdessalem"]
[Black "Rionda Medio, Angel Arturo"]
[Result "0-1"]
[WhiteElo "1811"]
[BlackElo "1972"]
[PlyCount "100"]
[EventDate "2015.11.28"]
[EventType "swiss"]
[EventRounds "10"]
[EventCountry "ESP"]
[Source "lmi"]
[SourceDate "2015.11.28"]

1. d4 Nf6 2. Nf3 e6 3. Bg5 c5 4. e3 b6 5. Nbd2 cxd4 6. exd4 Bb7 7. Bd3 Be7 8.
O-O O-O 9. c3 d6 10. Re1 Nbd7 11. a4 h6 12. Bh4 Re8 13. a5 Nh5 14. Bxe7 Qxe7
15. axb6 axb6 16. Qb3 Nf4 17. Bf1 Reb8 18. g3 Ng6 19. Bg2 b5 20. Qb4 Bc6 21.
Nf1 Ra4 22. Rxa4 bxa4 23. Qa3 Rb3 24. Qa1 Rb8 25. N3d2 Bxg2 26. Kxg2 d5 27. Ne3
Qd6 28. f4 h5 29. Nf3 Nf6 30. Ne5 Ne4 31. Re2 Qa6 32. Kf3 Nxe5+ 33. fxe5 Qa5
34. Nf1 a3 35. b4 Qb5 36. Ke3 Rc8 37. Rc2 Qc4 38. Nd2 Nxd2 39. Kxd2 Ra8 40. Ra2
Qa6 41. Qb1 Qc4 42. Qc2 f6 43. exf6 Rf8 44. Ke3 Rxf6 45. Rxa3 Qf1 46. Ra8+ Kf7
47. Ra7+ Kf8 48. Ra8+ Ke7 49. Ra7+ Kd6 50. Ra6+ Qxa6 0-1

[Event "Benidorm 2015 - sub2000"]
[Site "Benidorm ESP"]
[Date "2015.11.29"]
[Round "2.8"]
[White "Pes Mateo, Angel"]
[Black "Arocena Uria, Jaime"]
[Result "1-0"]
[WhiteElo "1971"]
[BlackElo "1807"]
[PlyCount "35"]
[EventDate "2015.11.28"]
[EventType "swiss"]
[EventRounds "10"]
[EventCountry "ESP"]
[Source "lmi"]
[SourceDate "2015.11.28"]

1. d4 e6 2. Bf4 d5 3. Nf3 Nf6 4. e3 c5 5. c3 Nc6 6. Nbd2 Be7 7. Bd3 c4 8. Bc2
b5 9. Ne5 Bb7 10. Qf3 b4 11. O-O Qa5 12. Nxc6 Bxc6 13. Nxc4 Qa6 14. Ne5 Bb5 15.
Rfe1 bxc3 16. bxc3 Rc8 17. a4 Bc6 18. Bd3 1-0

[Event "Benidorm 2015 - sub2000"]
[Site "Benidorm ESP"]
[Date "2015.11.29"]
[Round "2.9"]
[White "Alvarez Escudero, Manuel"]
[Black "Bote Kobolo, Benjamin"]
[Result "0-1"]
[WhiteElo "1805"]
[BlackElo "1966"]
[PlyCount "54"]
[EventDate "2015.11.28"]
[EventType "swiss"]
[EventRounds "10"]
[EventCountry "ESP"]
[Source "lmi"]
[SourceDate "2015.11.28"]

1. e4 Nc6 2. d4 e5 3. Nf3 exd4 4. Nxd4 Bc5 5. Be3 Qf6 6. c3 Nge7 7. Bc4 Ne5 8.
Bb3 d6 9. h3 Bd7 10. O-O Qg6 11. Nf5 Nxf5 12. exf5 Bxf5 13. Bxc5 Bxh3 14. Bd5
dxc5 15. Re1 O-O-O 16. Rxe5 Bxg2 17. Kh2 Qd6 18. Qg4+ Kb8 19. Bxg2 Qxe5+ 20.
Kh3 Rd3+ 21. f3 h5 22. Qc4 h4 23. Qg4 Rh6 24. Na3 Rg6 25. Nc4 Qe2 26. Bf1 Rxf3+
27. Kxh4 Rxg4+ 0-1

[Event "Benidorm 2015 - sub2000"]
[Site "Benidorm ESP"]
[Date "2015.11.29"]
[Round "2.10"]
[White "Lloret Mauri, Jaime"]
[Black "Turegano Moratalla, Santiago"]
[Result "1/2-1/2"]
[WhiteElo "1952"]
[BlackElo "1805"]
[PlyCount "76"]
[EventDate "2015.11.28"]
[EventType "swiss"]
[EventRounds "10"]
[EventCountry "ESP"]
[Source "lmi"]
[SourceDate "2015.11.28"]

1. e4 c5 2. Nf3 Nc6 3. d4 cxd4 4. Nxd4 Nf6 5. Nc3 e5 6. Ndb5 d6 7. Bg5 a6 8.
Bxf6 gxf6 9. Na3 b5 10. Nd5 Bg7 11. c3 O-O 12. Bd3 Be6 13. Nc2 f5 14. Nde3 f4
15. Nf5 Bxf5 16. exf5 e4 17. Bxe4 Re8 18. Qd5 Qe7 19. f3 Rac8 20. O-O Be5 21.
Kh1 Qf6 22. a4 Ne7 23. Qb7 Nxf5 24. g4 fxg3 25. Rg1 Kh8 26. f4 Qh4 27. Rg2 Qxf4
28. axb5 axb5 29. Bd3 Nh4 30. hxg3 Qh6 31. gxh4 Qxh4+ 32. Kg1 Rg8 33. Be4 Rce8
34. Kf1 Bg3 35. Bc6 Qh1+ 36. Rg1 Qh3+ 37. Rg2 Qh1+ 38. Rg1 Qh3+ 1/2-1/2

[Event "Benidorm 2015 - sub2000"]
[Site "Benidorm ESP"]
[Date "2015.11.29"]
[Round "2.11"]
[White "Najarro Garcia, Jose Maria"]
[Black "Castrillon Otero, Javier"]
[Result "0-1"]
[WhiteElo "1797"]
[BlackElo "1952"]
[PlyCount "66"]
[EventDate "2015.11.28"]
[EventType "swiss"]
[EventRounds "10"]
[EventCountry "ESP"]
[Source "lmi"]
[SourceDate "2015.11.28"]

1. e4 c5 2. Nf3 d6 3. d4 cxd4 4. Nxd4 Nf6 5. Nc3 a6 6. Bc4 e6 7. Bb3 Be7 8. O-O
b5 9. f4 Qc7 10. f5 b4 11. Na4 e5 12. Nf3 Bb7 13. Bxf7+ Kxf7 14. Ng5+ Ke8 15.
Ne6 Qa5 16. Nxg7+ Kf7 17. Nh5 Qxa4 18. Nxf6 Bxf6 19. Qh5+ Ke7 20. Bg5 Nd7 21.
g4 Bxe4 22. b3 Qc6 23. Rae1 Bxg5 24. Qxg5+ Ke8 25. Qg7 Rf8 26. Qxh7 Kd8 27.
Qh4+ Kc7 28. Qf2 Bxf5 29. Qd2 Bxg4 30. Re2 Rxf1+ 31. Kxf1 Qh1+ 32. Kf2 Qxh2+
33. Ke3 Qg1+ 0-1

[Event "Benidorm 2015 - sub2000"]
[Site "Benidorm ESP"]
[Date "2015.11.29"]
[Round "2.12"]
[White "Garcia-blazquez Perez, Manuel"]
[Black "Scala, Lijubomir"]
[Result "0-1"]
[WhiteElo "1795"]
[BlackElo "1950"]
[PlyCount "116"]
[EventDate "2015.11.28"]
[EventType "swiss"]
[EventRounds "10"]
[EventCountry "ESP"]
[Source "lmi"]
[SourceDate "2015.11.28"]

1. e4 e6 2. d3 d5 3. Nd2 c5 4. g3 Nc6 5. Bg2 Nf6 6. Ngf3 Be7 7. O-O O-O 8. Re1
a5 9. c3 b5 10. a3 Ba6 11. e5 Nd7 12. d4 Qb6 13. Nf1 b4 14. axb4 axb4 15. h4
Bxf1 16. Rxa8 Rxa8 17. Rxf1 Ra1 18. Qd2 Na5 19. h5 h6 20. Qf4 Nb3 21. Be3 Rxf1+
22. Bxf1 bxc3 23. bxc3 Qa5 24. Bd2 c4 25. g4 Qa2 26. Be3 Nf8 27. g5 hxg5 28.
Nxg5 Bxg5 29. Qxg5 Qc2 30. Qd8 Nd2 31. Bg2 Qd1+ 32. Kh2 Qxh5+ 33. Kg3 Qg6+ 34.
Kh2 Nb1 35. Bc1 f6 36. Qb8 Nxc3 37. Ba3 Qf7 38. Qc8 fxe5 39. Bxf8 exd4 40. Bc5+
Kh7 41. Kg1 Ne2+ 42. Kf1 d3 43. Bxd5 exd5 44. Qh3+ Kg6 45. Qg4+ Kf6 46. Qf3+
Ke6 47. Qg4+ Qf5 48. Qh4 g5 49. Qh8 Qg6 50. Qc8+ Ke5 51. Qh8+ Qf6 52. Qe8+ Kf5
53. Qc8+ Kg6 54. Qg8+ Kh5 55. Qe8+ Kg4 56. Qc8+ Kh4 57. Be3 Qa1+ 58. Kg2 Qg1+
0-1